[Event "Meghalaya op 1st"]
[Site "Shillong"]
[Date "2023.12.17"]
[Round "7"]
[White "Elgabry, Mohsen"]
[Black "Tanmay, Rajbongshi"]
[Result "1/2-1/2"]
[WhiteElo "2215"]
[BlackElo "1819"]
[PlyCount "132"]
[EventDate "2023.12.13"]
[EventType "swiss"]
[EventRounds "10"]
[EventCountry "IND"]
[SourceTitle "CB52_2023"]
[SourceDate "2023.12.27"]
[SourceVersion "1"]
[SourceVersionDate "2023.12.27"]
[SourceQuality "1"]

1. Nf3 c5 2. g3 g6 3. Bg2 Bg7 4. 0-0 Nf6 5. c4 Nc6 6. Nc3 d6 7. d4 cxd4 8. Nxd4 Bd7 9. Nc2 0-0 10. b3 Bf5 11. Bb2 Ne4 12. Nxe4 Bd4 13. Bc3 Bxc3 14. Rb1 Bg7 15. Qd2 Qc8 16. Ne3 Bh3 17. Rfd1 Bxg2 18. Kxg2 Rd8 19. h4 h6 20. f3 Ne5 21. Nf2 e6 22. Nd3 Nxd3 23. Qxd3 Qc6 24. Rbc1 Rac8 25. Rc2 Qb6 26. Ng4 h5 27. Nf2 Qc7 28. Rdd2 Bh6 29. f4 Qe7 30. Qe4 Rc6 31. e3 Qc7 32. a4 d5 33. cxd5 exd5 34. Qd3 Bg7 35. Rxc6 bxc6 36. e4 Qb7 37. Qf3 Rb8 38. Rd3 dxe4 39. Nxe4 Qe7 40. f5 Be5 41. Ng5 Qf6 42. fxg6 Qxf3+ 43. Nxf3 Bf6 44. gxf7+ Kxf7 45. Nd2 Ke6 46. Nc4 c5 47. Kf3 Bd4 48. Ke4 Rg8 49. Rf3 Rg4+ 50. Kd3 Be5 51. Nxe5 Kxe5 52. Kc3 a5 53. Rd3 Ke6 54. Re3+ Kd5 55. Kd3 Rb4 56. Ke2 c4 57. bxc4+ Rxc4 58. Re8 Rxa4 59. Rh8 Ke4 60. Rxh5 Ra2+ 61. Kd1 a4 62. Kc1 Ra3 63. Rg5 Rb3 64. Kc2 Rb8 65. h5 Kf3 66. h6 a3 1/2-1/2

[Event "Mumbai Wealth op 4th"]
[Site "Mumbai"]
[Date "2019.01.07"]
[Round "9"]
[White "Elgabry, Mohsen"]
[Black "Chowdhury, Sohel"]
[Result "1-0"]
[WhiteElo "2305"]
[BlackElo "2012"]
[PlyCount "119"]
[EventDate "2018.12.30"]
[EventType "swiss"]
[EventRounds "9"]
[EventCountry "IND"]
[SourceTitle "CBM 188 Extra"]
[Source "ChessBase"]
[SourceDate "2019.02.26"]
[SourceVersion "1"]
[SourceVersionDate "2019.02.26"]
[SourceQuality "1"]

1. Nf3 d5 2. g3 c6 3. Bg2 Bf5 4. d3 Nf6 5. b3 h6 6. Bb2 e6 7. 0-0 Nbd7 8. Nbd2 Be7 9. c4 0-0 10. a3 a5 11. Re1 Bh7 12. e4 dxe4 13. dxe4 Nc5 14. Ne5 Nd3 15. Nxd3 Qxd3 16. e5 Nd7 17. Be4 Bxe4 18. Nxe4 Nc5 19. Nxc5 Qxd1 20. Rexd1 Bxc5 21. Rd7 Rfd8 22. Rad1 Rxd7 23. Rxd7 Rb8 24. Bc3 Bxa3 25. Bxa5 b5 26. Bc7 Rb7 27. Rd8+ Kh7 28. Bd6 c5 29. Ra8 Bb2 30. Rc8 bxc4 31. bxc4 Bd4 32. Bxc5 Bxe5 33. Be3 Rc7 34. Rxc7 Bxc7 35. Kf1 Kg6 36. Ba7 Kf6 37. Ke2 e5 38. h3 h5 39. Kd3 Ke6 40. g4 hxg4 41. hxg4 g6 42. g5 Kf5 43. Be3 Bd8 44. c5 Ke6 45. Kc4 f5 46. gxf6 Bxf6 47. Kb5 Kd7 48. c6+ Kc7 49. Kc5 g5 50. f3 Be7+ 51. Kd5 Bd8 52. Bc5 Bf6 53. Bd6+ Kb6 54. Bxe5 Bxe5 55. Kxe5 Kxc6 56. Kf5 Kd6 57. Kxg5 Ke7 58. Kg6 Kf8 59. Kf6 Kg8 60. f4 1-0

[Event "Mumbai Wealth op 4th"]
[Site "Mumbai"]
[Date "2019.01.05"]
[Round "7"]
[White "Elgabry, Mohsen"]
[Black "Soham, Datar"]
[Result "1/2-1/2"]
[WhiteElo "2305"]
[BlackElo "2134"]
[PlyCount "152"]
[EventDate "2018.12.30"]
[EventType "swiss"]
[EventRounds "9"]
[EventCountry "IND"]
[SourceTitle "CBM 188 Extra"]
[Source "ChessBase"]
[SourceDate "2019.02.26"]
[SourceVersion "1"]
[SourceVersionDate "2019.02.26"]
[SourceQuality "1"]

1. Nf3 d5 2. g3 g6 3. Bg2 Bg7 4. d4 Nf6 5. c4 c6 6. 0-0 0-0 7. Nc3 dxc4 8. a4 a5 9. e4 Nfd7 10. Be3 Na6 11. Qe2 Nb4 12. Rfd1 Nb6 13. h3 Ra6 14. Ne5 Be6 15. f4 f6 16. Nf3 Bf7 17. g4 Qc7 18. Ne1 Bh6 19. Qf2 Rd8 20. Bf1 f5 21. d5 fxe4 22. dxc6 bxc6 23. Rxd8+ Qxd8 24. Rd1 Nd3 25. Nxe4 Nd5 26. Nxd3 cxd3 27. Rxd3 Ra8 28. Ng5 Bxg5 29. fxg5 Qc7 30. Bc5 Nf4 31. Rf3 e5 32. Ba3 Bd5 33. Re3 e4 34. Rg3 Qe5 35. h4 Re8 36. Re3 Bf7 37. b3 Nd5 38. Bb2 Qe6 39. Be2 Qd6 40. Bc4 Nf4 41. Bf1 Nd5 42. Bc4 Qf4 43. Qxf4 Nxf4 44. Bc3 Bxc4 45. bxc4 Nd3 46. Bxa5 Nb2 47. Be1 Nxa4 48. Ra3 Nb2 49. Ra7 Nxc4 50. Bc3 Ne5 51. Kf1 Nxg4 52. Rg7+ Kf8 53. Rxh7 Ne3+ 54. Ke2 Nf5 55. Rd7 Re6 56. Rh7 e3 57. Be1 Nd4+ 58. Kd3 c5 59. Rc7 Nf3 60. Ke2 Nxe1 61. Kxe1 Re5 62. Ke2 Kg8 63. Rd7 Re4 64. Rb7 Rxh4 65. Rc7 Rc4 66. Kxe3 Kf8 67. Kd3 Rd4+ 68. Ke3 Rd5 69. Kf4 Rf5+ 70. Kg4 Rd5 71. Kf4 Rf5+ 72. Kg4 Ke8 73. Rg7 c4 74. Rc7 Ra5 75. Rxc4 Kf7 76. Rc7+ Kg8 1/2-1/2

[Event "Mumbai Wealth op 4th"]
[Site "Mumbai"]
[Date "2019.01.04"]
[Round "6"]
[White "Gandhi, Anish"]
[Black "Elgabry, Mohsen"]
[Result "1/2-1/2"]
[WhiteElo "2134"]
[BlackElo "2305"]
[PlyCount "95"]
[EventDate "2018.12.30"]
[EventType "swiss"]
[EventRounds "9"]
[EventCountry "IND"]
[SourceTitle "CBM 188 Extra"]
[Source "ChessBase"]
[SourceDate "2019.02.26"]
[SourceVersion "1"]
[SourceVersionDate "2019.02.26"]
[SourceQuality "1"]

1. e4 g6 2. d4 Bg7 3. Nc3 d6 4. Bg5 h6 5. Bh4 a6 6. a4 Nd7 7. Nf3 c5 8. d5 Qa5 9. Qd2 Qb4 10. Rb1 Ngf6 11. Bd3 0-0 12. 0-0 c4 13. Be2 Nc5 14. Rfe1 Bd7 15. e5 dxe5 16. Nxe5 Bxa4 17. Bxc4 Nfd7 18. Bg3 Nxe5 19. Bxe5 Qxc4 20. Bxg7 Kxg7 21. b3 Bxb3 22. cxb3 Nxb3 23. Qb2 Nc5 24. Rxe7 Kg8 25. d6 b5 26. Rd1 Qb3 27. Qd2 Rad8 28. Ne4 Nxe4 29. Rxe4 Rd7 30. h3 Rfd8 31. Rd4 Qa3 32. Rd3 Qc5 33. Rd5 Qb6 34. h4 Kh7 35. h5 Rg8 36. Re1 Qd8 37. Qf4 gxh5 38. Rf5 Rxd6 39. Rxf7+ Rg7 40. Rf8 Qg5 41. Qe4+ Rdg6 42. g3 h4 43. Qe8 Rg8 44. Re7+ Kh8 45. Qf7 Qc1+ 46. Kg2 Qc6+ 47. Kg1 Qc1+ 48. Kg2 1/2-1/2

[Event "Mumbai Wealth op 4th"]
[Site "Mumbai"]
[Date "2019.01.01"]
[Round "3"]
[White "Elgabry, Mohsen"]
[Black "Sekar, B."]
[Result "1/2-1/2"]
[WhiteElo "2305"]
[BlackElo "2137"]
[PlyCount "119"]
[EventDate "2018.12.30"]
[EventType "swiss"]
[EventRounds "9"]
[EventCountry "IND"]
[SourceTitle "CBM 188 Extra"]
[Source "ChessBase"]
[SourceDate "2019.02.26"]
[SourceVersion "1"]
[SourceVersionDate "2019.02.26"]
[SourceQuality "1"]

1. c4 Nf6 2. Nc3 e5 3. Nf3 Nc6 4. e4 Bc5 5. Be2 d6 6. h3 Nd7 7. a3 a5 8. d3 Nf8 9. Rb1 Ne6 10. Be3 0-0 11. 0-0 Bd7 12. Qd2 a4 13. Nb5 Re8 14. Bd1 h6 15. Bc2 Ncd4 16. Nbxd4 Bxd4 17. Nxd4 exd4 18. Bf4 Nxf4 19. Qxf4 Qg5 20. Qxg5 hxg5 21. f4 gxf4 22. Rxf4 Re5 23. Rbf1 Be6 24. Bd1 b5 25. cxb5 Rxb5 26. R4f2 f6 27. Rd2 Bb3 28. Bf3 Rab8 29. Rff2 Kf7 30. Bg4 Be6 31. Bd1 Bb3 32. Bg4 Ke7 33. h4 Re5 34. Bf3 c5 35. g4 d5 36. exd5 Kd6 37. h5 Bxd5 38. Bd1 Bb3 39. Bf3 Be6 40. Kh2 Bd5 41. Bd1 Bb3 42. Be2 Re3 43. Kg1 Rbe8 44. h6 gxh6 45. Rxf6+ R8e6 46. Rf2 Rg6 47. Kf1 Be6 48. Rh2 Rf6+ 49. Rf2 Rg6 50. Rh2 Bb3 51. Rf2 Rg3 52. Rf4 Be6 53. Kf2 Re3 54. Bd1 Ke5 55. Rf8 Bxg4 56. Bxa4 Bh3 57. Re8+ Kf4 58. Rf8+ Ke5 59. Re8+ Kf4 60. Rf8+ 1/2-1/2

[Event "Bhopal op"]
[Site "Bhopal"]
[Date "2018.12.25"]
[Round "7"]
[White "Nitin, Shankar Madhu"]
[Black "Elgabry, Mohsen"]
[Result "1-0"]
[WhiteElo "2002"]
[BlackElo "2305"]
[PlyCount "89"]
[EventDate "2018.12.21"]
[EventType "swiss"]
[EventRounds "10"]
[EventCountry "IND"]
[SourceTitle "CBM 188 Extra"]
[Source "ChessBase"]
[SourceDate "2019.02.26"]
[SourceVersion "1"]
[SourceVersionDate "2019.02.26"]
[SourceQuality "1"]

1. e4 g6 2. d4 Bg7 3. Nc3 a6 4. f4 d6 5. Nf3 b5 6. e5 e6 7. Bd3 Bb7 8. Ne4 Nc6 9. c3 Nge7 10. 0-0 h5 11. Nfg5 Nf5 12. Qe2 Qe7 13. Bd2 Nb8 14. Rae1 Nd7 15. Ng3 Nxg3 16. hxg3 Bd5 17. a4 0-0 18. g4 hxg4 19. Qxg4 Rfb8 20. Nxf7 Nf8 21. Ng5 c5 22. Qh3 Qe8 23. exd6 cxd4 24. d7 Qxd7 25. Bxg6 dxc3 26. Bh7+ Nxh7 27. Qxh7+ Kf8 28. Be3 Ke8 29. Qg8+ Bf8 30. Bc5 Qg7 31. Rxe6+ Kd7 32. Rd6+ Kc8 33. Qxg7 Bxg7 34. Rxd5 cxb2 35. a5 Bc3 36. Bd6 Kb7 37. Bxb8 Rxb8 38. Ne4 Bxa5 39. Rb1 Bc7 40. Rxb2 Bxf4 41. Rf5 Be3+ 42. Kf1 Bd4 43. Rd2 Rd8 44. Nc5+ Ka7 45. Ne6 1-0

[Event "Cairo Egyptian op"]
[Site "Cairo"]
[Date "2016.04.28"]
[Round "9"]
[White "Elgabry, Mohsen"]
[Black "Magdy, Morad"]
[Result "1/2-1/2"]
[WhiteElo "2365"]
[BlackElo "2083"]
[PlyCount "90"]
[EventDate "2016.04.22"]
[EventType "swiss"]
[EventRounds "9"]
[EventCountry "EGY"]
[SourceTitle "CBM 172 Extra"]
[Source "ChessBase"]
[SourceDate "2016.06.21"]
[SourceVersion "1"]
[SourceVersionDate "2016.06.21"]
[SourceQuality "1"]

1. Nf3 d5 2. g3 Nf6 3. Bg2 c6 4. 0-0 Bf5 5. d3 h6 6. Nbd2 e6 7. Qe1 Be7 8. e4 Bh7 9. Qe2 0-0 10. Re1 a5 11. h4 Re8 12. e5 Nfd7 13. Nf1 c5 14. N1h2 Nc6 15. Bf4 b5 16. Ng4 Bf5 17. Nfh2 f6 18. exf6 Nxf6 19. Ne5 Nxe5 20. Bxe5 Nd7 21. f4 Nxe5 22. fxe5 Ra7 23. Rf1 Rf8 24. Rf2 Qe8 25. Raf1 b4 26. Kh1 Rd7 27. Bf3 a4 28. Bg4 Qg6 29. Kg2 Bxh4 30. Qe3 d4 31. Qf3 Rdf7 32. Bxf5 Rxf5 33. Qg4 Rxf2+ 34. Rxf2 Rxf2+ 35. Kxf2 Qxg4 36. Nxg4 Bd8 37. Kf3 Bc7 38. Kf4 Kf7 39. Nf2 Bd8 40. Ne4 Be7 41. b3 a3 42. g4 Kg6 43. Kf3 h5 44. Kf4 hxg4 45. Kxg4 Kh6 1/2-1/2

[Event "Cairo Egyptian op"]
[Site "Cairo"]
[Date "2015.11.17"]
[Round "4"]
[White "Mohamed, Hesham Ahmed"]
[Black "Elgabry, Mohsen"]
[Result "0-1"]
[WhiteElo "2093"]
[BlackElo "2371"]
[PlyCount "79"]
[EventDate "2015.11.15"]
[EventType "swiss"]
[EventRounds "11"]
[EventCountry "EGY"]
[SourceTitle "EXT 2017"]
[Source "ChessBase"]
[SourceDate "2016.10.25"]
[SourceVersion "1"]
[SourceVersionDate "2016.10.25"]
[SourceQuality "1"]

1. e4 c5 2. d4 cxd4 3. Nf3 a6 4. Nxd4 Nf6 5. Nc3 d6 6. h3 e6 7. Be3 Be7 8. Bd3 Qc7 9. 0-0 Nbd7 10. f4 b5 11. a3 Bb7 12. Nde2 Rc8 13. Ng3 h5 14. Qe2 Qb8 15. Rae1 h4 16. Nh1 Qa8 17. Bd2 e5 18. Kh2 Qb8 19. Kg1 Kf8 20. fxe5 dxe5 21. Qf3 Qd6 22. Kh2 Nc5 23. Bg5 Ne6 24. Be3 Kg8 25. Kg1 Rxc3 26. bxc3 Qxa3 27. Bd2 Qc5+ 28. Kh2 Bd6 29. Rb1 Ba8 30. Nf2 Nf4 31. Ra1 Bb7 32. Rfb1 Bc8 33. Nd1 Qc6 34. Ne3 Be6 35. Rb2 g5 36. Nf5 Bxf5 37. exf5 e4 38. Bxe4 Nxe4 39. Rxa6 Qxa6 40. Qxe4 0-1